| 000 -LEADER | |
|---|---|
| fixed length control field | 00797nam a22002297a 4500 |
| 005 - DATE AND TIME OF LATEST TRANSACTION | |
| control field | 20250420134812.0 |
| 008 - FIXED-LENGTH DATA ELEMENTS--GENERAL INFORMATION | |
| fixed length control field | 200722b ||||| |||| 00| 0 eng d |
| 020 ## - INTERNATIONAL STANDARD BOOK NUMBER | |
| International Standard Book Number | 9781259252457 |
| 040 ## - CATALOGING SOURCE | |
| Transcribing agency | KCST |
| 082 ## - DEWEY DECIMAL CLASSIFICATION NUMBER | |
| Classification number | 621.3815 |
| Item number | Ja Mi |
| 100 ## - MAIN ENTRY--PERSONAL NAME | |
| Personal name | Jaeger, Richard |
| 9 (RLIN) | 4663 |
| 245 ## - TITLE STATEMENT | |
| Title | Microelectronic circuit design / |
| Statement of responsibility, etc. | Richard C. Jaeger, Auburn University, Travis N. Blalock, University of Virginia. |
| 250 ## - EDITION STATEMENT | |
| Edition statement | 5th ed. |
| Remainder of edition statement | Int. student ed. |
| 260 ## - PUBLICATION, DISTRIBUTION, ETC. | |
| Place of publication, distribution, etc. | New York: |
| Name of publisher, distributor, etc. | Mc-Graw-Hill; |
| Date of publication, distribution, etc. | 2016. |
| 300 ## - PHYSICAL DESCRIPTION | |
| Extent | xxviii, 1325 pages : |
| Other physical details | illustrations ; |
| Dimensions | 27 cm |
| 650 ## - SUBJECT ADDED ENTRY--TOPICAL TERM | |
| Topical term or geographic name entry element | Integrated circuits |
| Form subdivision | Design and construction. |
| 9 (RLIN) | 4664 |
| 650 ## - SUBJECT ADDED ENTRY--TOPICAL TERM | |
| Topical term or geographic name entry element | Semiconductors |
| Form subdivision | Design and construction. |
| 9 (RLIN) | 4665 |
| 650 ## - SUBJECT ADDED ENTRY--TOPICAL TERM | |
| Topical term or geographic name entry element | Electronic circuit design. |
| 9 (RLIN) | 94 |
| 700 ## - ADDED ENTRY--PERSONAL NAME | |
| Personal name | Blalock, Travis N. |
| 9 (RLIN) | 4666 |
| 942 ## - ADDED ENTRY ELEMENTS (KOHA) | |
| Koha item type | Book |
| 942 ## - ADDED ENTRY ELEMENTS (KOHA) | |
| Source of classification or shelving scheme | Dewey Decimal Classification |
| Withdrawn status | Lost status | Source of classification or shelving scheme | Damaged status | Not for loan | Home library | Current library | Date acquired | Cost, normal purchase price | Total checkouts | Full call number | Barcode | Date last seen | Price effective from | Koha item type |
|---|---|---|---|---|---|---|---|---|---|---|---|---|---|---|
| Dewey Decimal Classification | KCST Library | KCST Library | 22/07/2020 | 25.84 | 621.3815 Ja Mi | 1000000336 | 22/07/2020 | 22/07/2020 | Book | |||||
| Dewey Decimal Classification | KCST Library | KCST Library | 22/07/2020 | 25.84 | 621.3815 Ja Mi | 1000000337 | 22/07/2020 | 22/07/2020 | Book |